000 00407nam a22001337a 4500
008 230606b xxu||||| |||| 00| 0 eng d
020 _a 0889366004
082 _a571.95
_bIDRC
245 _aHealth And The Environment
_bA People-Centred Research Strategy
260 _aCanada
_bA People-Centred Research Strategy
_c1992
300 _a36 p
710 _bA People-Centred Research Strategy
942 _2ddc
_cBK
999 _c674
_d674